Central Library OPAC University of Rajshahi

City and regional planning in Poland / (Record no. 16542)

MARC details
000 -LEADER
fixed length control field 00982nam a22002771 4500
001 - CONTROL NUMBER
control field 16542
003 - CONTROL NUMBER IDENTIFIER
rucl marc code BD-RjUL
005 - DATE AND TIME OF LATEST TRANSACTION
control field 20211209000025.0
008 - FIXED-LENGTH DATA ELEMENTS--GENERAL INFORMATION
fixed length control field 140213r19671966nyuabe 001 0 eng d
035 ## - SYSTEM CONTROL NUMBER
System control number (BD-RjUL)16597
System control number (OCoLC)265140
040 ## - CATALOGING SOURCE
Original cataloging agency DLC
Transcribing agency ODaWU
Modifying agency OCoLC
-- DLC
-- BD-RjUL
Language of cataloging eng
041 ## - LANGUAGE CODE
Language code of text/sound track or separate title eng
082 00 - DEWEY DECIMAL CLASSIFICATION NUMBER
Classification number 711.09438
Author mark and year CIT 1967
245 10 - TITLE STATEMENT
Title City and regional planning in Poland /
Statement of responsibility, etc. edited by Jack C. Fisher.
260 ## - PUBLICATION, DISTRIBUTION, ETC. (IMPRINT)
Place of publication, distribution, etc. Ithaca, N.Y. :
Name of publisher, distributor, etc. Cornell University Press,
Date of publication, distribution, etc. c1966 [reprinted 1967]
300 ## - PHYSICAL DESCRIPTION
Pagination xxvi, 491 p. :
Illustrations illus., maps (part fold.) plans.
Size 24 cm.
490 1# - SERIES STATEMENT
Series statement Cornell publications in comparative planning of the Division of Urban Studies of the Center for Housing and Environmental Studies
504 ## - BIBLIOGRAPHY, ETC. NOTE
Bibliography, etc Includes index.
650 #0 - SUBJECT ADDED ENTRY--TOPICAL TERM
Topical term or geographic name as entry element City planning
Geographic subdivision Poland.
9 (RLIN) 51123
Topical term or geographic name as entry element Regional planning
Geographic subdivision Poland.
9 (RLIN) 51124
700 1# - ADDED ENTRY--PERSONAL NAME
Personal name Fisher, Jack C.,
Dates associated with a name 1937-
942 ## - ADDED ENTRY ELEMENTS (KOHA)
Source of classification or shelving scheme Dewey Decimal Classification
Koha item type Books
Holdings
Lost status Source of classification or shelving scheme Damaged status Not for loan Collection code Permanent Location Current Location Shelving location Date acquired Source of acquisition Cost, normal purchase price Total Checkouts Full call number Date last seen Copy number Koha item type
  Dewey Decimal Classification   Not For Loan Non-fiction Central Library, University of Rajshahi Central Library, University of Rajshahi Reading Room 13/02/1971 Zeitlinger 0.00   711.09438 CIT 1967 13/02/2014 C-1 Books